000 00831nam a2200253Ia 4500
003 OSt
005 20221006142909.0
006 a|||||r|||| 00| 0
007 ta
008 221006b |||||||| |||| 00| 0 eng d
024 _a7,480
037 _bGift, Japan Foundation
_cTextual
040 _aEASL
_cEASL
_beng
041 _2eng
_aeng
082 _aV42:1920bX.N80p2, M1
110 _aNEW DELHI, JAPAN-INDIA SYMPOSIUM
_9648688
245 0 _aJapan and India in the world
_b Perspectives on science and technology, economy and politics
260 _aNew Delhi
_bJapan-India Symposium India
_c1981
300 _a84p.
_ccm.
490 _v JEL
700 _aNEW DELHI, JAPAN-INDIA SYMPOSIUM
_9648689
942 _hV42:1920bX.N80p2, M1
_cTEXL
_2CC
999 _c1075566
_d1075566